Information age technology

Sparad:
Bibliografiska uppgifter
Materialtyp: Bok
Språk:Undetermined
Publicerad: Sydney Addison-Wesley Publishing Company 1986
Ämnen:
Taggar: Lägg till en tagg
Inga taggar, Lägg till första taggen!
Thư viện lưu trữ: Trung tâm Học liệu Trường Đại học Cần Thơ
LEADER 00457nam a2200157Ia 4500
001 CTU_87174
008 210402s9999 xx 000 0 und d
082 |a 004 
082 |b I.36 
245 0 |a Information age technology 
260 |a Sydney 
260 |b Addison-Wesley Publishing Company 
260 |c 1986 
650 |a computers,data transmission systems,image processing 
904 |i Tuyến 
980 |a Trung tâm Học liệu Trường Đại học Cần Thơ